|
|
|
|
| LEADER |
00000cam a2200000 7i4500 |
| 001 |
0000003740 |
| 005 |
20220105103950.0 |
| 008 |
070719 |
| 020 |
|
|
|a 0689875681
|
| 090 |
0 |
0 |
|a JP
|b AD ENG (5043)
|
| 245 |
0 |
0 |
|a Ice-cream dreams
|c Adapted by Nancy Krulik
|
| 260 |
|
|
|a London :
|b Simon and Schuster ,
|c 2005
|
| 440 |
|
4 |
|a The Spongebob squarepants movie
|
| 500 |
|
|
|a Children age 4-6 years old (yellow)
|
| 650 |
|
0 |
|a Adventure
|x Fiction
|
| 650 |
|
0 |
|a Junior fiction
|x English
|x Languages
|
| 700 |
0 |
|
|a Krulik, Nancy
|
| 999 |
|
|
|a 0000962643
|b Book
|c Children Collection
|e Perbadanan Perpustakaan Awam Johor
|
| 999 |
|
|
|a 0000962644
|b Book
|c Children Collection
|e Perbadanan Perpustakaan Awam Johor
|
| 999 |
|
|
|a 0000962645
|b Book
|c Children Collection
|e Perbadanan Perpustakaan Awam Johor
|